000
00297nam a2200133 4500
008
190522s ||||xo d
100
1
_a
Rosepree Rose
_9
1133
245
1
0
_a
Jak se zbavit pripoutanosti
260
_a
Praha
250
_a
1.vydanie
020
_c
0
041
1
_a
cze
044
_a
xo
_c
SK
999
_c
22434
_d
22434